00869nam a2200289Ia 4500008004000000020001800040041000800058082001600066100002500082245007500107260003300182300001500215650001100230650000800241650001200249650001100261650001300272650001300285650001700298650000900315650001300324690001800337700001800355906001100373999001900384952017600403210210b2018 xxu||||| |||| 00| 0 eng d a9788174823816 aeng a540.02 KULU aKULSHRESTHA (Hemant) aUpkars CSIR UGC NET/JRF/SET: Chemical Sciences through solved problems aAgrabUpkar Prakashan.c2018 aviii,1,363 aUpkars aUGC athrough asolved aSciences aproblems aNET/JRF/SET: aCSIR aChemical aUGC/NET Exams aTANEJA (Ajay) a072206 c122060d122060 001040708ChemistryaALbALcChemistryd2021-02-17eBiblios Book Point, Surathkal-575014g899.00l1o540.02 KULUp072206r2022-04-22 00:00:00s2022-04-11w2021-02-17yBK